Music Quiz

Random Music or Rock Quiz

Reverse Alphabet: Music Quiz Stats

 Plays Quiz Updated Aug 3, 2017

Support Sporcle.
Go Orange.
Score 0/26 Timer 06:00
0 Plays Today
Question Answer Wrong Answers
P
Click the band with such albums as 'The Wall' & 'The Dark Side Of The Moon'
Pink Floyd
91.9%
The Police
1.9%
Pet Shop Boys
1%
Portishead
0.4%
G
Click the missing word: 2012 K-pop single '_______ Style'
Gangnam
90.1%
Gundam
2.4%
Good-o
0.9%
Gandalf
0.9%
K
Click the missing Prince lyric: 'I just want your extra time and your ____'
Kiss
87.9%
Knees
0.8%
Keys
3.7%
Kicks
2%
D
Click the missing word: Starland Vocal Band's 1976 hit 'Afternoon _______'
Delight
85.8%
Dancing
4.7%
Downtown
2.2%
Daggers
1.1%
J
Click the artist who penned '99 Problems'
Jay-Z
85.6%
Ja Rule
4.3%
Jamie Foxx
2.4%
Jay Rock
2%
C
Click the percussion instrument
Castanets
84.2%
Cello
3.3%
Cornet
2.5%
Clarinet
3.9%
F
Click the band whose founder was Nirvana's drummer
Foo Fighters
83.9%
Five for Fighting
4.3%
Fleetwood Mac
3.7%
Finger Eleven
2.1%
M
Click the surname of 'Super Bass' singer-rapper Nicki
Minaj
83.6%
Minage
6.6%
Menage
3.3%
Mélange
1.2%
E
Click the songwriter of 'Tears in Heaven'
Eric Clapton
82.8%
Eminem
1%
Elton John
7.5%
Eva Cassidy
2.6%
T
Click the clef used for music played on a flute or a violin
Treble
81.7%
Tenor
6.9%
Triple
4.7%
Tutti
2.9%
R
Click the singer-songwriter of Toy Story's 'You've Got A Friend In Me'
Randy Newman
81.3%
R. Kelly
3.7%
Rihanna
1.4%
Ray Charles
9.3%
Y
Click the English rock band with members Jeff Beck & Jimmy Page
The Yardbirds
77.6%
The You Know Who Group
1.9%
The Younghearts
5.6%
The Youngbloods
14.1%
W
Click the song not performed by the Beatles
Wild Thing
77.4%
Wait
6.3%
What Goes On
4%
Wild Honey Pie
10.2%
L
Click the 19th-century Hungarian composer
Liszt
76.8%
Lutosławski
11.3%
Lilburn
1.8%
Liadov
4.5%
H
Click the word which is not a real musical term
Havana
74.2%
Hemidemisemiquaver
8%
Homophony
5.6%
Hemiola
6.4%
N
Click the missing words: Taylor Swift song 'Welcome to ________'
New York
72%
New Jersey
18.7%
New Mexico
2.8%
New Zealand
1.2%
I
Click the band whose lead singer was Michael Hutchence
INXS
71.9%
Iron Maiden
15.1%
Interpol
5%
Inner City Unit
2.1%
S
Click the album by Cyndi Lauper
She's So Unusual
71.7%
Slippery When Wet
7.6%
Supernatural
10.8%
Saturday Night Fever
5.7%
Z
Click the musical instrument
Zither
69.8%
Ziti
4.8%
Zephyr
20%
Zenith
5.2%
A
Click the name of the lead singer from Guns N' Roses
Axl Rose
69.8%
Axel Rose
17.6%
Axle Rose
5.2%
Axl Rhodes
1.2%
U
Click the band who covered 'Can't Help Falling in Love' in 1993
UB40
67.4%
U2
23.9%
Uriah Heep
3.4%
Unicorn
2%
B
Click the song named after a famous New York jazz club
Birdland
66.8%
Bye Bye Bye
6.9%
Believers
8.7%
Beaches
11.2%
X
Click the surname of Greek-French composer Iannis
Xenakis
64%
Xinghai
6.5%
Xaou
8.5%
Xylophonus
19.2%
V
Click the band who performs 'Blister in the Sun'
Violent Femmes
54.3%
Van Halen
21.8%
Vengaboys
6.1%
Vampire Weekend
14.9%
O
Click the Stravinsky opera based on a tragedy by Sophocles
Oedipus rex
51%
Orfeo ed Euridice
19.8%
Otello
20.1%
Operation Orfeo
3.8%
Q
Click the alternative name for the term 'eighth note'
Quaver
39.5%
Quarter note
27.3%
Quinze
5.3%
Quartissimo
23.3%

You're not logged in!

Compare scores with friends on all Sporcle quizzes.
OR
Log In
Forgot?

From the Vault

Remove Ads.
Support Sporcle.
Get the best of Sporcle when you Go Orange. This ad-free experience offers more features, more stats, and more fun while also helping to support Sporcle. Thank you for becoming a member.

Show Comments

Extras

Top Quizzes Today


Score Distribution

Your Account Isn't Verified!

In order to create a playlist on Sporcle, you need to verify the email address you used during registration. Go to your Sporcle Settings to finish the process.

Report this User

Report this user for behavior that violates our Community Guidelines.

Details: